Diseño de sistema de protección contra incendios para la Casa de Cultura de Santa Ana
Na minha lista:
| Autor principal: | |
|---|---|
| Outros Autores: | |
| Formato: | Livro |
| Idioma: | Spanish |
| Publicado em: |
[San José, Costa Rica],
2021.
|
| Assuntos: | |
| Acesso em linha: | https://cedi.ucr.ac.cr/mecanica/diseno-de-sistema-de-proteccion-contra-incendios-para-la-casa-de-la-cultura-de-santa-ana/ |
| Tags: |
Adicionar Tag
Sem tags, seja o primeiro a adicionar uma tag!
|
MARC
| LEADER | 00000nam a2200000Ia 4500 | ||
|---|---|---|---|
| 003 | 013276 | ||
| 005 | 20230516145430.0 | ||
| 008 | 140114s2021 cr a 000 ||spa d | ||
| 040 | |c cru CEDI | ||
| 100 | |a Picado Méndez, José David, 1993- |9 40 | ||
| 245 | |a Diseño de sistema de protección contra incendios para la Casa de Cultura de Santa Ana | ||
| 260 | |a [San José, Costa Rica], |c 2021. | ||
| 500 | |a Tesis (licenciatura en ingeniería mecánica)--Universidad de Costa Rica. Facultad de Ingeniería. Escuela de Ingeniería Mecánica | ||
| 501 | |a Director de Tesis de Graduación: MSc. Manuel Corella Vargas | ||
| 610 | |x Casa de la Cultura de Sana Ana (Costa Rica) - INCENDIOS Y PREVENCION DEL FUEGO |x Casa de la Cultura de Sana Ana (Costa Rica) - DISEÑO Y PLANOS - EVALUACION |x Casa de la Cultura de Sana Ana (Costa Rica) | ||
| 650 | |x PLANES DE EMERGENCIA - ASPECTOS ECONOMICOS |x BOMBAS CONTRA INCENDIOS |x INCENDIOS - MEDIDAS DE SEGURIDAD |x SISTEMAS ELECTRONICOS DE ALARMA |x INGENIERIA DE PROTECCION CONTRA INCENDIOS |x EXTINTORES DE INCENDIOS |x SISTEMAS DE TUBERIAS DE AGUA |x DETECTORES DE INCENDIOS |x INCENDIOS - PREVENCION | ||
| 700 | |9 41 |a Corella Vargas, Manuel, 1967- |d Director del TFG | ||
| 856 | |u https://cedi.ucr.ac.cr/mecanica/diseno-de-sistema-de-proteccion-contra-incendios-para-la-casa-de-la-cultura-de-santa-ana/ |y https://cedi.ucr.ac.cr/mecanica/diseno-de-sistema-de-proteccion-contra-incendios-para-la-casa-de-la-cultura-de-santa-ana/ | ||
| 942 | |c CEDI |2 ddc | ||
| 999 | |c 15388 |d 15388 | ||
